00334cam a22001217a 4500008004000000082001800040100001700058245006600075250001700141260002300158300000900181650002200190180718b1957 xxu||||| |||| 00| 0 eng d aL27x5461 C344 aChadha, P.N. aSeles tax in Delhi state and interstate dealscby P.N. Chadha a2nd rev. ed. aDelhibBahric1957 a80p. aSales tax - India